000 00487nam a2200205Ia 4500
008 170918s9999 xx 000 0 und d
020 _a9780765364814
050 _bT265 2012
100 _aTeitelbaum, Michael
245 _aBatman :
245 _bsuper-villains stike /
245 _cby Michael Teitelbaum.
250 _aFirst edition
260 _aUSA :
260 _bStarscape,
260 _c2012
300 _a143 pages :
300 _billustrations ;
300 _c19cm.
999 _c343759
_d343759